| 000 | 01103 a2200217 4500 | ||
|---|---|---|---|
| 003 | Nust | ||
| 005 | 20221129144408.0 | ||
| 010 | _a 76005446 | ||
| 020 | _a81-203-0149-8 | ||
| 040 | _cNust | ||
| 082 | 0 | 0 | _a621.3815,LEE |
| 100 | 1 |
_aLee, Samuel C., _9103786 |
|
| 245 | 1 | 0 |
_aDigital circuits and logic design / _cSamuel C. Lee. |
| 260 |
_aEnglewood Cliffs, N.J. : _bPrentice-Hall, _cc1976. |
||
| 300 |
_axii, 594 p. : _bill. ; _c24 cm. |
||
| 505 | _aSwitching Algebra And Switching Function (Page-7), Combinational Logic Design (Page-63), Combinational Logic Design Using Integrated Circuits (Page-107), Sequential Integrated Circuits (Page-170), Analysis And Synthesis Of Sequential Circuits (Page-217), Design Of Sequential Circuits Using Sequential Machine Flow Charts (Page-295), Fault Detection And Location In Combinational Circuits (Page-347), Fault Detection And Location In Sequential Circuits (Page-438), Logic Design Using Microprocessors (Page-496). | ||
| 650 | 0 | _aIntegrated circuits. | |
| 650 | 0 |
_aLogic design. _917983 |
|
| 650 | 0 | _aTelecommunication Engineering | |
| 942 |
_2ddc _cBK |
||
| 999 |
_c182187 _d182187 |
||